000 00339nam a22001457a 4500
008 250422b ||||| |||| 00| 0 eng d
020 _a9780132350297
041 _aeng
080 _21990
_a101MOR
082 _2101MOR
_a101MOR
100 _a42
101 _aFILOZOFI
245 _aTHE EDGES OF SCIENCE
_cRICHARD MORRIS
942 _2udc
_cBK
999 _c60669
_d60669